| 000 | 01460nam0a2200337 4500 | ||
|---|---|---|---|
| 001 | RU\NLR\BIBL_A\022349786 | ||
| 005 | 20260420015717.0 | ||
| 010 |
_a978-5-389-25805-1 _93000 |
||
| 021 |
_aRU _bКН-П-24-051195 _9КН-П-24-5091 |
||
| 035 | _a(NLR Aleph) 022349786 | ||
| 090 |
_a13667111 _c13667111 |
||
| 100 | _a20241010d2024 u y0rusy50 ca | ||
| 101 | 1 |
_arus _cjpn |
|
| 102 | _aRU | ||
| 105 | _aa z 000ay | ||
| 181 | 0 |
_ai3 _baxxe |
|
| 182 | 0 | _an | |
| 200 | 1 |
_aПионовый фонарь _e[повесть] _fСанъютэй Энтё _gиллюстрации: Кацусика Хокусай _gперевод с японского Аркадия Стругацкого |
|
| 203 |
_aТекст _bвизуальный _cнепосредственный |
||
| 210 |
_aСанкт-Петербург _cАзбука-Аттикус, Азбука _d2024 |
||
| 215 |
_a316, [2] с. _cил. _d19 |
||
| 225 | 1 | _aИзящная классика Востока | |
| 333 | _a16+ | ||
| 686 | 1 | _aШ6(5Я)57-440.4{Лх2316} | |
| 700 | 1 |
_7ca _8rus _aСанъютэй _bЭ. _f1839-1900 _gЭнте _9121429 _3RU\NLR\AUTH\7711688 |
|
| 702 | 1 |
_4730 _7ca _8rus _aСтругацкий _bА. Н. _f1925-1991 _gАркадий Натанович _9110663 _3RU\NLR\AUTH\77619 |
|
| 702 | 1 |
_4440 _7ca _8rus _aХокусай _bК. _f1760-1849 _gКацусика _970406 _3RU\NLR\AUTH\7787478 |
|
| 942 | _cBOOK | ||
| 980 | _aNB | ||